ARKADAŞLARIM İÇİN (Record no. 1172623)

MARC details
000 -LEADER
sabit uzunluktaki kontrol alanı 00266nam a2200097Ia 4500
001 - KONTROL NUMARASI
kontrol alanı 1172623
005 - EN SON İŞLEMİN TARİH VE ZAMANI
kontrol alanı 20250827012559.0
008 - SABİT-UZUNLUKTA VERİ ÖĞELERİ--GENEL BİLGİ
sabit uzunluktaki kontrol alanı 250824s9999 xx 000 0 und d
245 #0 - ESER / YAZAR
ESER ADI ARKADAŞLARIM İÇİN
Yazar Adı IRMAK ZİLELİ
260 ## - YAYIN, DAĞITIM, VB.
YAYIN EVİ GÜNIŞIGI KİTAPLIĞI YAYINLARI
Holdings
Düşüm durumu Kayıp durumu Hasar Durumu Ödünç verilmez Ana kütüphane Geçerli Kütüphane Edinilen tarih Toplam ödünç verme sayısı Barkod İade tarihi Son görüntüleme tarihi Son ödünç verme tarihi Fiyatın geçerli olmaya başladığı tarih Koha materyal türü
        TALHA BAYRAKÇI İMAM HATİP ORTAOKULU TALHA BAYRAKÇI İMAM HATİP ORTAOKULU 24.08.2025 1 10298769172 26.03.2026 11.03.2026 11.03.2026 27.08.2025 Books